000 00665cam a22001934a 4500
005 20250605164346.0
008 250528s ||||||||||||||||||||||||d
035 _a23912
040 _aGR-AtMCL
_bgre
_dGR-AtMCL
_eAACR2
245 1 _aThe Menopause / Beverly Ayers and Mark Forshaw and Myra Hunter Look at Lessons Learned from a Global Outlook
260 _c2011
300 _a75
520 _aThe Flash Upon that Inward Eye, Teaching Happiness - A Brave New World?, The Memory Man, Creativity in the Curriculum.
700 1 _aSutton Jon
_99351
942 _cCR
710 2 _aThe British Psychological Society
_99823
999 _c8828
_d8828